[Event "FIDE World Cup 9-12"]
[Site "Khanty-Mansiysk"]
[Date "2005.12.14"]
[Round "6.3"]
[White "Malakhov, Vladimir"]
[Black "Carlsen, Magnus"]
[Result "1-0"]
[WhiteElo "2670"]
[BlackElo "2570"]
[PlyCount "65"]
[EventDate "2005.11.27"]
[EventType "k.o."]
[EventRounds "7"]
[EventCountry "RUS"]
[SourceTitle "CBM 111"]
[Source "ChessBase"]
[SourceDate "2006.04.04"]
[SourceVersion "1"]
[SourceVersionDate "2006.04.04"]
[SourceQuality "1"]

1. e4 {Lukacs,Peter} e5 2. Nf3 Nc6 3. Bc4 Nf6 4. d3 Be7 5. O-O O-O 6. Bb3 d6 7. c3 Be6 8. Bc2 ({RR} 8. Ba4 Bd7 ({RR} 8... Nd7 9. d4 exd4 ({RR} 9... Bg4) 10. Bxc6 bxc6 11. Nxd4 c5 12. Nxe6 fxe6 13. Qb3 ({RR} 13. Nd2 Bg5 ({RR} 13... Nb6 14. Qe2 ({RR} 14. f4 d5) 14... a5 15. f4 a4 16. Nf3 Qc8 17. Be3 Qa6 18. Rae1 Qxe2 19. Rxe2 Nc4 20. Bc1 Rab8)) 13... Rf6 14. f4 Rb8 ({RR} 14... Qf8 15. Na3 Rb8 16. Qd1 Qc8 17. Nc4 Qb7 18. Re1) 15. Qd1 c4)) ({RR} 8. Bxe6 fxe6 9. Re1 ({RR} 9. Qb3 Qc8 10. Be3 b6 ({RR} 10... Ng4) 11. Nbd2 Ng4 12. Bg5 h6 13. Bxe7 Nxe7) 9... Qd7 10. Nbd2 Nh5 ({RR} 10... Rae8 11. a4 d5 ({RR} 11... a5 12. Qb3 b6 13. Nc4) ({RR} 11... Nh5 12. Nc4 Nf4 13. b4) 12. b4 Bd6 13. b5 Nd8 14. c4 Nf7 15. Bb2)) ({RR} 8. Nbd2 Qd7 ({RR} 8... Nd7 9. d4 Bxb3 10. Qxb3 Qc8 11. Nc4 Bf6 12. Be3 Re8 13. Ncd2 ({RR} 13. d5 Ne7 14. a4) 13... Nf8 ({RR} 13... Ne7) 14. h3 a6 15. Rfc1 Qd7 16. d5 Ne7 17. c4) ({RR} 8... Bxb3 9. Qxb3 ({RR} 9. axb3 d5 10. Qc2 Re8 11. exd5 Qxd5 12. Nc4 Rad8) 9... Rb8 ({RR} 9... Qc8 10. Re1 Re8 11. Nf1 ({RR} 11. Nc4) ({RR} 11. d4) 11... Bf8 12. Ng3 Nd8 13. d4 g6 14. Be3) 10. Re1 Nd7 11. Nc4 ({RR} 11. Qc2 Bf6 12. Nf1 g6 ({RR} 12... Nb6) 13. Bh6 Bg7 14. Bxg7 Kxg7 15. d4) ({RR} 11. Nf1 Nc5 12. Qc2 d5 13. Ne3 dxe4 14. dxe4 Qd3) 11... h6 12. d4 Bf6 13. Be3 exd4 ({RR} 13... Nb6) 14. cxd4 Nb6 15. d5 ({RR} 15. Ncd2 d5 16. e5 Be7 17. a3 Qd7)) 9. Re1 {RR} Rfe8 ({RR} 9... Rae8 10. Ba4 ({RR} 10. h3 Bxb3 11. Qxb3 Na5 12. Qd1 Nc6 13. Qb3) ({RR} 10. Nf1 a6 ({RR} 10... Bd8) 11. Ng3 Bd8 12. Bc2 Qc8 ({RR} 12... h6 13. d4) 13. d4 Bg4 14. Be3 d5 15. h3 exd4 16. cxd4 dxe4 17. hxg4 exf3 18. Bf5 Nd7 19. g5) 10... a6 11. d4 exd4 12. Nxd4 ({RR} 12. cxd4 b5 13. Bc2 Bg4 14. h3 Bh5 15. Nb3 d5)) ({RR} 9... Rad8 10. Ba4 a6 11. d4 b5 12. Bc2 Bg4 13. h3 Bh5 14. d5 Na5 ({RR} 14... Nb8 15. Nf1 c6 16. dxc6 Nxc6 17. Ng3)) ({RR} 9... a6 10. Nf1 ({RR} 10. Nc4 Rad8 11. Ne3)) 10. Ba4 a6 11. d4 b5 12. Bc2 Bg4 13. h3 Bh5 14. d5 Na5 15. a4 c6 16. b4 Nc4 17. Nxc4 bxc4 18. dxc6 Qxc6 19. Bg5 ({RR} 19. a5 Red8 20. g4 Bg6 21. Bg5 h6 22. Bxf6 Bxf6 23. Ba4 Qb7) 19... h6 20. Bxf6 Bxf6 21. a5 Red8 22. Qe2) 8... d5 ({RR} 8... Nd7 9. d4 exd4 10. Nxd4 ({RR} 10. cxd4 d5) 10... Nxd4 11. cxd4 Nb6 12. Nc3 c5 ({RR} 12... d5 13. e5) 13. d5 Bc8 14. f4 Bf6 15. e5) 9. Nbd2 dxe4 ({RR} 9... Re8 10. Re1 Bf8 11. h3 h6 12. Ba4 dxe4 13. dxe4 Nd7 14. Nf1 Qf6 ({RR} 14... Na5 15. Ne3 c6 16. Bc2 Nc4 17. Ng4)) 10. dxe4 Nd7 ({RR} 10... a5 11. Qe2 Nd7 12. Rd1 f6 13. Nf1 Bc5 ({RR} 13... Qe8) 14. Be3 Bd6 ({RR} 14... Bxe3 15. Nxe3) 15. Nh4 Ne7 16. Ng3) 11. Qe2 Qe8 ({RR} 11... Nb6) 12. Nc4 f6 13. Ne3 Qf7 14. Rd1 Rfd8 15. Nd5 Rac8 ({RR} 15... Nb6 16. Nxe7+ ({RR} 16. c4 Bc5) 16... Nxe7) 16. Be3 Bc5 $146 ({RR} 16... a6 17. Rd2 Bc5 18. Rad1 Bxe3 19. Qxe3 Nf8 20. b4 Kh8 21. Bb3 Ne7 22. h3 Neg6 23. Qa7 c6 24. Ne3 Rxd2 25. Rxd2 Qc7 26. Nf5 Bxb3 27. axb3 Nf4 28. Nd6 Rb8 29. Kh2 N4e6 30. g3 Kg8 31. Kg2 {Bacallao Alonso,Y (2532)-Pilgaard,K (2442) Barcelona 2011 1-0 (51)}) ({RR} 16... Bf8 17. Rd2 a6 ({RR} 17... Ne7 18. Nxe7+ Bxe7 19. Rad1) 18. Rad1 Ncb8 19. h3 ({RR} 19. Nh4) 19... Re8 20. b3 c6 21. Nb6 ({RR} 21. Nb4 a5 22. Nd3 Na6) 21... Nxb6 22. Bxb6 c5 23. c4 ({RR} 23. Bd3 Rc6 24. Ba7 Nd7 25. Bc4 Rc7) 23... Nc6 24. Qe3 Nd4 25. Bd3 Qh5 26. Be2 Qf7 27. Ne1 Rc6 28. Ba5 b5 29. cxb5 axb5 30. Bc3 Ra8 31. Nd3 {Malakhov,V (2670)-Carlsen,M (2570) Khanty-Mansiysk 2005 CBM 111 [Lukacs,Peter] 0-1 (49)}) 17. Bxc5 Nxc5 18. Qb5 b6 19. b4 a6 20. Qxc6 Rd6 21. Nxf6+ gxf6 22. Rxd6 cxd6 23. Qxb6 Nd7 24. Qxd6 Rxc3 25. Bb3 Bxb3 26. axb3 Rxb3 27. h3 Nf8 28. Rxa6 Ng6 29. Ra8+ Kg7 30. Rc8 Kh6 31. Rc7 Rd3 32. Qc6 Qf8 33. b5 1-0

[Event "FIDE World Cup 9-12"]
[Site "Khanty-Mansiysk"]
[Date "2005.12.14"]
[Round "6.5"]
[White "Malakhov, Vladimir"]
[Black "Carlsen, Magnus"]
[Result "0-1"]
[WhiteElo "2670"]
[BlackElo "2570"]
[Annotator "Lukacs,Peter"]
[PlyCount "98"]
[EventDate "2005.11.27"]
[EventType "k.o."]
[EventRounds "7"]
[EventCountry "RUS"]
[SourceTitle "CBM 111"]
[Source "ChessBase"]
[SourceDate "2006.04.04"]
[SourceVersion "1"]
[SourceVersionDate "2006.04.04"]
[SourceQuality "1"]

1. e4 e5 2. Nf3 Nc6 3. Bc4 Nf6 4. d3 Be7 5. O-O O-O 6. Bb3 d6 7. c3 Be6 8. Bc2 $143 {This modest retreat cannot be recommended from theoretical point of view.} (8. Ba4 $143 {loses some tempi in order to transpose to a closed Ruy Lopez type of position.} Bd7 $11 {Compare to the Ruy Lopez Accelerated Steinitz Variation.} (8... Nd7 9. d4 exd4 (9... Bg4 {keeping the tension in the  deserved attention.}) 10. Bxc6 $1 bxc6 11. Nxd4 c5 12. Nxe6 fxe6 13. Qb3 {Black's  structure is a bit vulnerable.} (13. Nd2 Bg5 $11 (13... Nb6 14. Qe2 (14. f4 d5) 14... a5 {Black ignores the fight for the .} 15. f4 a4 16. Nf3 Qc8 17. Be3 Qa6 {The  looks OK for Black.} 18. Rae1 Qxe2 19. Rxe2 Nc4 20. Bc1 Rab8 $11 {Tischbierek-Grivas, Dortmund 1990})) 13... Rf6 14. f4 $1 Rb8 $1 (14... Qf8 15. Na3 Rb8 16. Qd1 Qc8 {Black cannot find a clear-cut plan.} 17. Nc4 Qb7 18. Re1 $14 {Yudasin-Klovans, Kostroma 1985}) 15. Qd1 c4 $5)) (8. Bxe6 $143 fxe6 {This  structure is not so bad for Black, he controls the  and the semi-opened f .} 9. Re1 (9. Qb3 Qc8 10. Be3 b6 (10... Ng4) 11. Nbd2 Ng4 12. Bg5 h6 13. Bxe7 Nxe7 {½-½ I.Botvinnik-Dydyshko, Minsk 1988}) 9... Qd7 10. Nbd2 Nh5 $5 {deserves attention.} (10... Rae8 {doesn't seem to be urgent here.} 11. a4 d5 (11... a5 12. Qb3 b6 13. Nc4 $14 {with some pressure on the light squares.}) (11... Nh5 $5 12. Nc4 Nf4 13. b4 $14) 12. b4 Bd6 13. b5 Nd8 14. c4 Nf7 15. Bb2 $14 {I.Almasi-Golod, Internet 2000})) (8. Nbd2 Qd7 (8... Nd7 9. d4 Bxb3 10. Qxb3 {This reminds me to the 9...e6 Ruy Lopez C92.} Qc8 11. Nc4 Bf6 12. Be3 Re8 13. Ncd2 (13. d5 Ne7 14. a4 $14) 13... Nf8 (13... Ne7 $5 { g6 improving the bad 's position.}) 14. h3 a6 15. Rfc1 Qd7 16. d5 Ne7 17. c4 $14 {with good prospects on the ,  Gipslis-Radulov, Albena 1983.}) (8... Bxb3 9. Qxb3 $142 (9. axb3 {allows the freeing move} d5 10. Qc2 Re8 11. exd5 Qxd5 12. Nc4 Rad8 $13 {Kim-Kharitonov, St Petersburg 1997}) 9... Rb8 (9... Qc8 10. Re1 Re8 11. Nf1 (11. Nc4 $5) (11. d4 $5) 11... Bf8 12. Ng3 Nd8 13. d4 {White gets the upper hand in the .} g6 14. Be3 $16 {Smagin-Averbakh, Moscow 1982}) 10. Re1 Nd7 11. Nc4 (11. Qc2 Bf6 12. Nf1 g6 (12... Nb6 { d5}) 13. Bh6 Bg7 14. Bxg7 Kxg7 15. d4 $14 {and again White comes first in the , Kengis-Klovans, Riga 1981.}) (11. Nf1 {is a bit passive.} Nc5 $1 12. Qc2 d5 {This central push solves Black's problems at once.} 13. Ne3 dxe4 14. dxe4 Qd3 $11 {Dolmatov-Klovans, Moscow 1981}) 11... h6 12. d4 Bf6 13. Be3 exd4 {giving up the  is not a good strategy.} (13... Nb6 $5) 14. cxd4 Nb6 15. d5 $16 (15. Ncd2 {again allows the freeing move} d5 $1 16. e5 Be7 17. a3 Qd7 $13 {Dolmatov-Agdestein, Tilburg 1993})) 9. Re1 {- 8.e1}) (8. Re1 Qd7 (8... Bxb3 9. Qxb3 Na5 (9... Rb8 10. Nbd2 (10. a4 {against b5?} Re8 11. Nbd2 Bf8 12. Nf1 d5 {Here this push is not so effective because of} (12... h6 13. Ne3) 13. Bg5 dxe4 14. dxe4 h6 15. Rad1 $14 {Minasian-Klovans, Podolsk 1990})) 10. Qd1 c5 (10... Re8 {is not consistant.} 11. Nbd2 Bf8 12. Nf1 a6 {is highly useless.} 13. Ng3 g6 14. d4 c6 15. h3 $14 {with an excellent Ruy Lopez type of position for White, Kornev-Kholmov, Tula 2002.}) 11. b4 (11. d4 {is met by the counterblow in the  :} exd4 12. cxd4 d5 13. e5 Ne4 14. Nc3 Nc6 15. Nxe4 dxe4 16. Rxe4 Qd5 $10) 11... Nc6 (11... cxb4 $5 12. cxb4 Nc6 13. a3 a6 14. Bb2 $14) 12. b5 $14 {Dolmatov-Vasiukov, Moscow 1981}) (8... a6 9. Nbd2 (9. h3 $6 {is not important here.} Qd7 10. Nbd2 Rad8 11. d4 (11. Nc4) 11... Bxb3 (11... exd4 12. cxd4 d5 13. e5 {is a favourable change in the central structure for White.}) 12. Qxb3 Na5 13. Qc2 Nc6 14. d5 Nb8 15. c4 {and here the light-squared  is missing for Black.} c6 16. Nf1 $14 {Psakhis-Geller, Riga 1985}) 9... Qd7 10. Nc4 Rad8 11. Ne3 $14) (8... Nd7 9. d4 Bg4 10. Be3 Bf6 {(Atlas-Dydyshko, Minsk 1987)} 11. d5 $14 {and Black cannot execute easily the freeing move c7-c6.}) 9. Nbd2 (9. Ba4 $5 {provoking some "weakening moves" as in the Ruy Lopez} a6 10. Nbd2 b5 11. Bc2 Bg4 12. Nf1 Rfe8 13. h3 Bh5 14. Ng3 Bg6 15. d4 $14 {Ehlvest-Fridman, Liepaja 2001}) 9... Rfe8 (9... Rae8 { d8, e7-g6, but this looks a bit sophysticated.} 10. Ba4 (10. h3 Bxb3 11. Qxb3 Na5 12. Qd1 Nc6 { d5} 13. Qb3 {½-½ Kudrin-Christiansen, Needham 2000}) (10. Nf1 a6 (10... Bd8 $5) 11. Ng3 Bd8 12. Bc2 Qc8 (12... h6 13. d4 $14) 13. d4 Bg4 14. Be3 d5 15. h3 exd4 16. cxd4 dxe4 17. hxg4 exf3 18. Bf5 {White's  becomes dangerous in the opened position.} Nd7 19. g5 $14 {Nunn-Geller, London 1982}) 10... a6 11. d4 exd4 12. Nxd4 $14 {Yudasin} (12. cxd4 {allows the counterplay in the .} b5 13. Bc2 Bg4 14. h3 Bh5 15. Nb3 d5 $13 {Yudasin-Murey, Moscow 1991})) (9... Rad8 10. Ba4 a6 11. d4 b5 12. Bc2 Bg4 13. h3 Bh5 14. d5 Na5 $142 (14... Nb8 15. Nf1 c6 16. dxc6 Nxc6 17. Ng3 $14 {and the  is outplaced, Jakubiec-Balashov, Wisla 1992.})) (9... a6 $5 {Yudasin} 10. Nf1 $14) 10. Ba4 a6 11. d4 b5 12. Bc2 Bg4 13. h3 Bh5 14. d5 Na5 15. a4 {The position is a bit similar to the 9.d4 Ruy Lopez.} c6 16. b4 Nc4 17. Nxc4 bxc4 18. dxc6 Qxc6 19. Bg5 $14 (19. a5 Red8 20. g4 Bg6 21. Bg5 h6 22. Bxf6 Bxf6 23. Ba4 $2 Qb7 $15 {Nevednichy-Schuh, Manila 1992}) 19... h6 20. Bxf6 Bxf6 21. a5 Red8 22. Qe2 $14) 8... d5 {Black grabs the  in the .} (8... Nd7 9. d4 exd4 10. Nxd4 (10. cxd4 d5 $13) 10... Nxd4 11. cxd4 Nb6 12. Nc3 c5 (12... d5 13. e5 $14) 13. d5 Bc8 14. f4 Bf6 15. e5 $5 $14 {Totsky-Golod, Moscow 1991}) 9. Nbd2 dxe4 (9... Re8 10. Re1 Bf8 11. h3 h6 12. Ba4 dxe4 13. dxe4 Nd7 $1 { c5, × d3.} 14. Nf1 Qf6 $5 { ad8, c5} (14... Na5 15. Ne3 c6 16. Bc2 Nc4 17. Ng4 $13 {Lutikov-Tuzovsky, Frunze 1973})) 10. dxe4 Nd7 (10... a5 {is not the most important here.} 11. Qe2 Nd7 12. Rd1 f6 13. Nf1 Bc5 (13... Qe8 $5) 14. Be3 Bd6 {Black's plan clearly failed.} (14... Bxe3 15. Nxe3 $14) 15. Nh4 Ne7 16. Ng3 $14 {Gorelov-Kalinski, Saratov 1981}) 11. Qe2 Qe8 (11... Nb6 {against c4 was possible.}) 12. Nc4 { e3-d5} f6 13. Ne3 Qf7 14. Rd1 Rfd8 15. Nd5 Rac8 {looks a bit passive.} (15... Nb6 $142 $5 16. Nxe7+ (16. c4 Bc5) 16... Nxe7 {and White's  gives him a very small edge}) 16. Be3 Bf8 $146 (16... Bc5 $2 {is punished by the simple double  after} 17. Bxc5 Nxc5 18. Qb5 b6 19. b4 a6 20. Qxc6 Rd6 21. Nxf6+ $18 {and the  comes out of the trap, Malakhov-Carlsen, Khanty Mansyisk 2005.}) ({RR} 16... a6 17. Rd2 Bc5 18. Rad1 Bxe3 19. Qxe3 Nf8 20. b4 Kh8 21. Bb3 Ne7 22. h3 Neg6 23. Qa7 c6 24. Ne3 Rxd2 25. Rxd2 Qc7 26. Nf5 Bxb3 27. axb3 Nf4 28. Nd6 Rb8 29. Kh2 N4e6 30. g3 Kg8 31. Kg2 {Bacallao Alonso,Y (2532)-Pilgaard,K (2442) Barcelona 2011 1-0 (51)}) ({RR} 16... Bc5 17. Bxc5 Nxc5 18. Qb5 b6 19. b4 a6 20. Qxc6 Rd6 21. Nxf6+ gxf6 22. Rxd6 cxd6 23. Qxb6 Nd7 24. Qxd6 Rxc3 25. Bb3 Bxb3 26. axb3 Rxb3 27. h3 Nf8 28. Rxa6 Ng6 29. Ra8+ Kg7 30. Rc8 Kh6 31. Rc7 {Malakhov,V (2670)-Carlsen,M (2570) Khanty-Mansiysk 2005 1-0 (33)}) 17. Rd2 a6 $6 {There is no time for this move.} (17... Ne7 {improving the bad 's position was required.} 18. Nxe7+ Bxe7 19. Rad1 $14) 18. Rad1 Ncb8 {This looks rather awkward.} 19. h3 (19. Nh4 $5 {looked crisper.}) 19... Re8 {White has the control over the d .} 20. b3 { c4 with further advance on the .} c6 21. Nb6 $2 {This exchange helps for the party lacking space.} (21. Nb4 a5 22. Nd3 Na6 $14) 21... Nxb6 22. Bxb6 c5 $1 {and the b6  is suddenly out of place.} 23. c4 (23. Bd3 Rc6 24. Ba7 Nd7 25. Bc4 $1 Rc7 $17) 23... Nc6 {The  comes back to the  with a great effect.} 24. Qe3 Nd4 {Black controls now the .} 25. Bd3 Qh5 26. Be2 Qf7 27. Ne1 Rc6 28. Ba5 b5 $17 29. cxb5 axb5 30. Bc3 Ra8 31. Nd3 Rca6 32. Nc1 Nxe2+ $6 {This exchange cannot be praized from strategical point of view. However Black can simply do what he wants.} (32... Qg6 $5) 33. Qxe2 c4 $1 34. b4 (34. bxc4 Bxc4 35. Qe3 Ra3 $17) 34... Ra3 $1 35. Rc2 h6 36. Kh2 Kh7 37. Qd2 Qh5 38. f3 Be7 39. Ne2 Qg5 40. f4 $2 {This founders on a tactical blow.} (40. Qxg5 hxg5 41. Rdd2 R3a4 42. Rb2 Rd8 43. Rxd8 Bxd8 44. Bd2 Be7 $17) 40... exf4 41. Nxf4 {} Rxc3 $1 $19 {and White's position collapses.} 42. Rxc3 Bxb4 43. Nxe6 Qe5+ 44. Kh1 Qxe6 45. Rb1 Bxc3 46. Qxc3 Qxe4 47. Rb2 Rd8 48. Kh2 Rd3 49. Qc2 c3 0-1